Regular -ar, -ir, and -er verbs - Statistics

General Stats
  • This quiz has been taken 10 times
  • The average score is 7 of 14
Answer Stats
Hint Answer % Correct
caminar to walk
86%
creer to believe
71%
lavar to wash
71%
deber should
57%
llegar to arrive
57%
cortar to cut
57%
saltar to jump
57%
levantar to raise
43%
enviar to send
43%
compartir to share
43%
asistir a to attend
29%
llevar to wear, carry
29%
sacar to get
14%
subir to go up, rise, climb
14%
No matching quizzes found
Score Distribution
Percent of People with Each Score
Percentile by Number Answered
Your Score History
You have not taken this quiz